[Event "URU-ch Final 2018"]
[Site "Montevideo"]
[Date "2018.04.07"]
[Round "1"]
[White "Roselli Mailhe, Bernardo"]
[Black "Dominguez, Facundo"]
[Result "1/2-1/2"]
[WhiteElo "2433"]
[BlackElo "2143"]
[Annotator "TA"]
[PlyCount "100"]
[EventDate "2018.??.??"]
[EventType "tourn"]
[EventCountry "URU"]
[SourceTitle "playchess.com"]
[Source "ChessBase"]
[SourceQuality "1"]

{[%evp 28,100,0,0,0,-45,-31,-37,0,0,-8,-8,50,57,95,-23,-19,-43,-31,-30,-30,-39,-38,-54,-32,-34,0,0,0,0,0,0,17,17,17,18,17,17,76,76,76,76,76,76,76,0,0,0,0,0,0,0,0,0,0,0,0,0,0,0,0,0,0,0,0,0,0,0,0,0,0,0,0,0,0]} 1. e4 e6 2. d3 d5 3. Nd2 c5 4. Ngf3 Nc6 5. g3 Nf6 6. Bg2 Be7 7. O-O O-O 8. e5 Nd7 9. Re1 b5 10. Nf1 a5 11. h4 a4 12. a3 b4 13. N1h2 bxa3 {C00: French: Unusual White 2nd moves} (13... Bb7 14. Bf4 Re8 15. c3 bxc3 16. bxc3 Ra6 17. h5 Qa8 18. h6 g6 19. d4 Rb6 20. Ng4 Rb3 21. Qd2 {0-1 (46) Tabatabaei,M (2509)-Van Wely,L (2675) Bandar e Anzali 2017}) 14. bxa3 Ba6 15. Ng4 {LiveBook: 7 Games} Nd4 16. Ng5 $146 ({Find the theoretical novelty and annotate with similar games:} 16. h5 Rb8 17. h6 g6 18. Be3 Nf5 19. Bf4 Rb2 20. Qd2 Nd4 21. Nxd4 cxd4 {0-1 (39) Bojkov,D (2475)-Potkin,V (2523) Germany 2004}) 16... Rc8 17. Bf4 Nf5 18. Ne3 Nxe3 19. Rxe3 Bxg5 (19... h6 $11 20. Nh3 d4) 20. Bxg5 $14 Qc7 21. Bf4 ({Better is} 21. Be7 $16) 21... d4 $11 22. Re1 Bb7 23. Bxb7 Qxb7 24. Qg4 {[#] Black must now prevent Rab1.} Kh8 $1 25. Bg5 Nb6 26. Rab1 Qc7 (26... Rb8 {NOTEXT} 27. Bd2 Qd7 28. h5 Nd5 29. f4 Kg8) 27. Be7 $40 {[%mdl 128] White has some attack.} Qxe7 28. Rxb6 Rb8 29. Reb1 Qc7 30. Rxb8 Rxb8 31. Rxb8+ Qxb8 {[%mdl 4096] Endgame KQ-KQ} 32. Qf3 h6 (32... Qa7 $11 {keeps the balance.}) 33. Qxf7 $16 Qb1+ 34. Kg2 {And now Qe8+ would win.} Qxc2 35. Qxe6 Qxd3 {[#]} 36. Qd5 (36. Qe8+ $1 $16 Kh7 37. e6 Qe4+ 38. Kh2) 36... Qe2 $11 {The position is equal.} 37. e6 d3 $1 38. Qd8+ Kh7 39. e7 d2 40. e8=Q Qxe8 41. Qxe8 d1=Q {KQ-KQ} 42. Qe4+ Kh8 43. Qc4 Qd6 $1 44. Qxa4 Qd5+ 45. Kf1 Qd3+ 46. Ke1 c4 47. h5 {aiming for Qe8+.} Qe4+ 48. Kd1 Qd3+ 49. Ke1 {Threatens to win with Qe8+.} Qe4+ 50. Kd1 Qd3+ {Precision: White = 63%, Black = 55%.} 1/2-1/2

[Event "URU-ch Final 2018"]
[Site "Montevideo"]
[Date "2018.04.07"]
[Round "1"]
[White "Rodi, Luis Ernesto"]
[Black "Lopez Azambuja, Nicolas"]
[Result "0-1"]
[WhiteElo "2314"]
[BlackElo "2314"]
[Annotator "TA"]
[PlyCount "98"]
[EventDate "2018.??.??"]
[EventType "tourn"]
[EventCountry "URU"]
[SourceTitle "playchess.com"]
[Source "ChessBase"]
[SourceQuality "1"]

{[%evp 23,98,19,24,-13,18,-3,-2,-14,-14,-47,0,0,0,0,22,0,0,-87,71,79,95,0,7,12,7,0,113,-72,-70,-70,-65,-165,-173,-190,-131,-163,-162,-210,-154,-148,-115,-170,-52,-50,-45,-35,-43,-85,-61,-89,-62,-64,-57,-120,-102,-112,-128,-124,-115,-147,-152,-145,-128,-101,0,-126,-57,-5120,-704,-5120,-5120,-5097,-4031,-4031,-4133,-2564,-2506]} 1. e4 e6 2. d4 d5 3. Nd2 Nf6 4. e5 Nfd7 5. f4 c5 6. c3 Nc6 7. Ndf3 cxd4 8. cxd4 a5 9. Bd3 {C05: French Tarrasch: 3...Nf6 4 e5 Nfd7, 5 f4 and 5 Bd3 sidelines} (9. a3 a4 10. Bd3 Nb6 11. Ne2 Be7 12. h4 Bd7 13. h5 Nc4 14. Nc3 b5 15. f5 exf5 16. h6 g6 17. Nxd5 {½-½ (35) Hou,Y (2661)-Harika,D (2521) Sharjah 2014}) 9... a4 10. Ne2 Nb6 11. O-O Be7 12. g4 h5 {LiveBook: 3 Games} 13. h3 $146 ({Find the theoretical novelty and annotate with similar games:} 13. gxh5 Rxh5 14. Ng3 Rh8 15. f5 Nc4 16. b3 axb3 17. Qxb3 {½-½ (42) Nemeth,M (2489)-Van de Griendt,J (2354) Antalya 2017}) 13... Bd7 14. f5 hxg4 15. hxg4 Nc4 16. Nf4 Qb6 17. fxe6 Bxe6 18. Kg2 Nxb2 19. Bxb2 Qxb2+ 20. Kg3 (20. Rf2 $11 Qa3 21. Qb1) 20... Qb6 $2 (20... Bh4+ $1 $17 21. Nxh4 g5 22. Nxe6 gxh4+ 23. Kh3 fxe6) 21. Rb1 $16 Qc7 22. Rh1 (22. Bf5 $16) 22... Rxh1 $11 23. Qxh1 O-O-O 24. Bb5 a3 (24... Kb8 $11) 25. Qh7 $2 (25. Bxc6 $16 {keeps the pressure on.} bxc6 26. Qh7) 25... Nb4 $17 26. Qh2 Kb8 27. Ba4 (27. Qd2 $15 Qa5 28. Bd3) 27... Qc4 28. Bb3 Qc8 (28... Qc3 $19 29. Nxe6 fxe6) 29. Nxe6 Qxe6 (29... fxe6 30. Qd2 $17) 30. Qd2 Qg6 31. Rh1 Rc8 32. Rc1 (32. Qf4 $17 {was necessary.}) 32... Qe6 ({Much less strong is} 32... Rxc1 33. Qxc1 Nd3 34. Qd2 $17) (32... Rh8 $19 33. Bc2 Nxc2 34. Qxc2 Qxc2 35. Rxc2 b5) 33. Rxc8+ $15 Qxc8 34. Qf4 Qe6 35. Qc1 Nc6 36. Qf1 Na5 37. Ba4 Qb6 38. Be8 (38. Qh3 $15) 38... Qb2 $1 $17 {[%cal Rb2a2]} 39. Bxf7 Qxa2 40. Qb5 Qb2 $1 {[%cal Rb2b5]} 41. Qe8+ Ka7 42. Bxd5 Nc6 $1 $36 {[%mdl 2048] Keeping White busy.} 43. Qf7 {[#]} Nb4 ({Black should play} 43... g5 $1 $17) 44. Bc4 {[#]} (44. Qxe7 $11 {remains equal.} Nxd5 45. Qc5+ Ka6 46. Qd6+ (46. Qxd5 a2 $11) 46... Nb6 47. e6) 44... Nd3 (44... Bd8 $1 $17 {Strongly threatening ...Bb6.} 45. Bb3 Bb6) 45. Qf5 $2 {[%mdl 8192]} ({Not} 45. Bxd3 $2 a2 $17) (45. g5 $15) 45... Qf2+ $19 {Black is clearly winning.} 46. Kh3 {[#]} Bh4 $1 {[%mdl 512]} 47. Nxh4 Nf4+ 48. Qxf4 Qxf4 49. Nf5 g6 {Precision: White = 24%, Black = 52%.} 0-1

[Event "URU-ch Final 2018"]
[Site "Montevideo"]
[Date "2018.04.07"]
[Round "1"]
[White "Larrea, Manuel"]
[Black "Caitano, Martin Joel"]
[Result "1-0"]
[WhiteElo "2289"]
[BlackElo "2115"]
[Annotator "TA"]
[PlyCount "77"]
[EventDate "2018.??.??"]
[EventType "tourn"]
[EventCountry "URU"]
[SourceTitle "playchess.com"]
[Source "ChessBase"]
[SourceQuality "1"]

{[%evp 20,77,41,42,79,75,77,76,72,73,100,88,84,58,62,57,62,56,72,72,70,82,81,36,102,85,104,87,82,21,21,26,37,37,65,58,118,120,144,117,160,71,115,55,137,150,291,264,253,191,315,303,551,539,1015,957,1696,1314,29987,29988]} 1. d4 Nf6 2. c4 g6 3. Nc3 Bg7 4. e4 d6 5. Nf3 {[%cal Bg1f3,Bf3d2,Bd2e4][%mdl 32]} O-O 6. Be2 e5 7. d5 a5 8. Bg5 h6 9. Bh4 Na6 10. Nd2 g5 {E92: King's Indian: Classical: 6 Be2 e5: 7 dxe5, 7 Be3 and Petrosian System without 7...Nbd7} (10... Qe8 11. O-O Nh7 12. f3 h5 13. a3 Bd7 14. b3 Bh6 15. Rb1 Be3+ 16. Kh1 Nc5 17. Qc2 f5 18. b4 axb4 19. axb4 Na6 20. Qd3 f4 21. Nd1 g5 22. Be1 Ba7 23. Nb3 g4 24. c5 Qg6 25. Rg1 g3 26. Na5 Qg5 27. Nf2 Nxc5 28. bxc5 Bxc5 29. Nh3 Qh4 30. Nxb7 Bxh3 31. gxh3 Bxg1 32. Kg2 Ng5 {0-1 (32) Arnold,M (2524)-Shimanov,A (2641) chess.com INT 2018}) 11. Bg3 {LiveBook: 4 Games} Nxe4 12. Ndxe4 {Black must now prevent f3.} f5 {White is better.} 13. Nd2 $146 ({Find the theoretical novelty and annotate with similar games:} 13. h4 fxe4 14. hxg5 hxg5 15. Nxe4 Nc5 16. Bd3 Bf5 17. Nxc5 dxc5 18. Bxf5 Rxf5 {1-0 (42) Malcher,W (2322)-Schmitz,P (2196) Germany 2013}) 13... f4 14. Nde4 b6 15. Bg4 Nc5 16. Nxc5 bxc5 17. Ne4 Rb8 18. Rb1 Rb4 19. b3 a4 20. Bxc8 Qxc8 21. a3 Rb8 (21... Rxb3 $14 22. Rxb3 axb3) 22. b4 $16 (22. bxa4 Qa6 $11) 22... cxb4 (22... fxg3 $6 23. hxg3 cxb4 24. axb4 $11) 23. axb4 Qf5 (23... fxg3 $6 24. hxg3 a3 25. Qe2 $11) 24. f3 (24. Qe2 $16) 24... fxg3 $11 25. hxg3 g4 $1 {[%cal Rg4f3]} 26. O-O h5 27. Qxa4 Bh6 (27... h4 $14) 28. Qb3 $16 Rf7 29. Rbe1 {And now fxg4 would win.} Rbf8 30. c5 (30. Qd3 $142) 30... Qg6 {[#]} 31. Qd3 (31. cxd6 $1 $16 cxd6 32. Qa3) 31... h4 ({Better is} 31... gxf3 $14 32. Rxf3 Rxf3 33. gxf3 Bf4) 32. fxg4 Qxg4 (32... Rxf1+ $16 {was called for.} 33. Rxf1 hxg3 34. Rxf8+ Bxf8) 33. Rxf7 $18 ({Don't take} 33. cxd6 cxd6 34. Rxf7 (34. Nxd6 Rxf1+ 35. Rxf1 Qxg3 $16) 34... Rxf7 $18) 33... Rxf7 34. Rf1 {Rxf7 is the strong threat.} Rxf1+ (34... hxg3 $142 35. cxd6 (35. Nf6+ $2 Rxf6 36. Rxf6 e4 $19) 35... cxd6) 35. Kxf1 {[#] aiming for Nf6+.} Qf5+ $2 (35... Bg5 {keeps fighting.} 36. cxd6 cxd6 37. Nxd6 Bd8 38. gxh4 Bxh4) 36. Qf3 Qxf3+ 37. gxf3 hxg3 38. b5 {[%cal Bb4b5,Bb5b6][%mdl 32]} Be3 39. b6 {Precision: White = 63%, Black = 33%.} 1-0

[Event "URU-ch Final 2018"]
[Site "Montevideo"]
[Date "2018.04.07"]
[Round "1"]
[White "Carbone, Diego"]
[Black "Kimelman, Gabriel"]
[Result "1/2-1/2"]
[WhiteElo "2219"]
[BlackElo "2255"]
[Annotator "TA"]
[PlyCount "55"]
[EventDate "2018.??.??"]
[EventType "tourn"]
[EventCountry "URU"]
[SourceTitle "playchess.com"]
[Source "ChessBase"]
[SourceQuality "1"]

{[%evp 18,55,45,48,63,63,63,54,76,76,78,45,56,31,85,24,24,18,50,43,49,56,61,56,52,47,63,61,59,-20,0,0,0,-16,-22,-26,-16,-43,-12,-14]} 1. d4 e6 2. c4 Nf6 3. g3 Bb4+ 4. Bd2 Qe7 5. Nf3 Nc6 6. Nc3 Bxc3 7. Bxc3 Ne4 8. Rc1 d5 9. Bg2 O-O 10. O-O {LiveBook: 7 Games. E11: Bogo-Indian} Rb8 $146 ({Predecessor:} 10... Rd8 11. Qc2 a5 12. Rfd1 Bd7 13. Be1 Be8 14. e3 f6 15. h3 Bf7 16. Qb3 Ra7 17. a4 Nb8 {½-½ (30) Timoshenko,G (2518)-Ikonnikov,V (2525) Germany 2012}) 11. Qb3 Rd8 12. Rfd1 {White is slightly better.} Nxc3 13. Qxc3 Bd7 14. Re1 Be8 15. a3 Qf6 (15... dxc4 $14 16. Qxc4 b5) 16. e4 ({Better is} 16. Red1 $16) 16... dxc4 $11 {[%cal Rc6d4]} 17. e5 Qh6 18. Qxc4 Ne7 19. Qc5 Nf5 20. Qxa7 Bc6 21. Rcd1 $1 Ra8 22. Qc5 Rd7 23. g4 (23. Rd3 $14) 23... Bxf3 24. Bxf3 Qf4 25. gxf5 Qxf3 26. fxe6 Qg4+ 27. Kf1 Qh3+ {[%mdl 1024] Black has compensation.} 28. Kg1 {Precision: White = 49%, Black = 41%.} 1/2-1/2

[Event "URU-ch Final 2018"]
[Site "Montevideo"]
[Date "2018.04.07"]
[Round "1"]
[White "Granara Barreto, Sebastian"]
[Black "Rodriguez Vila, Andres"]
[Result "0-1"]
[WhiteElo "2164"]
[BlackElo "2473"]
[Annotator "TA"]
[PlyCount "58"]
[EventDate "2018.??.??"]
[EventType "tourn"]
[EventCountry "URU"]
[SourceTitle "playchess.com"]
[Source "ChessBase"]
[SourceQuality "1"]

{[%evp 19,58,12,16,23,48,47,59,0,0,0,0,0,0,-72,-62,-79,-37,-112,-90,-133,-16,-46,0,0,38,-103,-131,-209,-204,-520,-482,-513,-509,-491,-491,-1130,-1069,-29994,-29995,-29995,-29996]} 1. c4 g6 2. Nc3 Bg7 3. g3 d6 4. Bg2 e5 5. d3 Ne7 6. e4 c6 7. Nge2 O-O 8. O-O a6 9. a4 a5 10. Be3 Na6 11. d4 {A21: English Opening: 1...e5 2 Nc3} Be6 $146 ({Predecessor:} 11... f5 12. Qd2 fxe4 13. dxe5 Nf5 14. exd6 Qxd6 15. Nxe4 Qb4 16. Qxb4 axb4 17. Rab1 Nxe3 18. fxe3 Bf5 {0-1 (29) Marin,I (2261)-Vajda,A (2405) Miercurea Ciuc 2001}) 12. d5 cxd5 13. Nxd5 ({Better is} 13. cxd5 $14 Bd7 14. Nb5) 13... Nxd5 $11 14. cxd5 Bd7 15. Nc3 f5 16. f4 (16. Qd2 $11) 16... exf4 $17 17. gxf4 Nb4 18. Rf2 (18. Rc1 $15) 18... Qh4 19. Qd2 Rae8 (19... Rac8 $17 20. Bb6 fxe4 21. Bxe4 Rc4) 20. Raf1 Re7 21. Bb6 Rfe8 {[%cal Rf5e4]} (21... Rc8 {looks sharper.} 22. e5 dxe5 23. Bxa5 Rc4 24. Bd8 Rd4) 22. Bxa5 (22. e5 $1 $14 {keeps the upper hand.} dxe5 23. Bxa5) 22... fxe4 {[#] aiming for ...e3.} 23. Nxe4 (23. Re2 $17 e3 24. Qd1) 23... Rxe4 $19 24. Bxe4 $2 (24. Bxb4 Rd4 25. Qc3 Qxf2+ 26. Rxf2 Rd1+ 27. Rf1 Bxc3 28. bxc3) 24... Rxe4 25. Bxb4 Bd4 {[%cal Bg7d4,Bd4e3,Be3f2][%mdl 32]} 26. Bc3 {[#]} Be3 $1 {[%cal Re3d2]} 27. Qd3 (27. Qc2 $142 Rxf4 28. Qe2 Qg5+ 29. Kh1 Qxd5+ 30. Rg2) 27... Bf5 28. Qb5 Qg4+ 29. Kh1 Bxf2 {Precision: White = 23%, Black = 52%.} 0-1

[Event "URU-ch Final 2018"]
[Site "Montevideo"]
[Date "2018.04.08"]
[Round "2"]
[White "Lopez Azambuja, Nicolas"]
[Black "Rodriguez Vila, Andres"]
[Result "1-0"]
[WhiteElo "2314"]
[BlackElo "2473"]
[Annotator "TA"]
[PlyCount "73"]
[EventDate "2018.??.??"]
[EventType "tourn"]
[EventCountry "URU"]
[SourceTitle "playchess.com"]
[Source "ChessBase"]
[SourceQuality "1"]

{[%evp 14,73,52,44,90,41,47,41,37,41,46,6,64,43,52,55,50,31,37,46,54,37,14,15,14,22,10,-20,-20,-21,-21,-20,-16,-24,-7,-36,-24,-32,-33,-26,-33,-62,0,9,84,90,79,63,64,66,98,106,97,37,30,36,24,21,24,27,337,322]} 1. d4 d6 2. Nf3 Bg4 3. c4 Bxf3 4. exf3 g6 5. Nc3 Bg7 6. g3 Nf6 {A41: 1 d4 d6: Tartakower System and Modern Defence} (6... Nh6 7. Bg2 Nf5 8. f4 c6 9. d5 c5 10. O-O O-O 11. Re1 Nd7 12. Bh3 Nd4 13. Be3 a6 14. a4 {0-1 (53) Miton,K (2584)-Kuzubov,Y (2699) Riadh 2017}) 7. Bg2 O-O 8. O-O {LiveBook: 9 Games} Nc6 {White is slightly better.} 9. f4 e6 10. d5 exd5 11. cxd5 Ne7 12. Bh3 $146 ({Predecessor:} 12. Bd2 c5 13. dxc6 bxc6 {0-1 (52) Shkurikhin,I (2284)-Ogloblin,N (2424) Sochi 2005}) 12... Qb8 (12... b5 $11) 13. Qd3 b5 14. Nxb5 Nfxd5 15. Bg2 c6 16. Nc3 {[%cal Rc3d5]} Nb4 {[%cal Bd5b4,Bb4a6,Ba6c7,Bc7b5][%mdl 32]} 17. Qd1 d5 18. a3 Na6 $1 19. Na4 Nf5 {[%cal Be7f5,Bf5d4,Bd4b3][%mdl 32]} 20. Qd3 Nc7 21. Bd2 {[%cal Bc1d2,Bd2b4,Bb4c5,Bc5b6,Bb6a5][%mdl 32]} Qb5 $36 {[%mdl 2048] Black is more active.} 22. Qxb5 Nxb5 23. Bb4 Rfd8 24. Rfe1 Nfd4 {White must now prevent ...Nc2.} 25. Rac1 a5 26. Bc5 Nb3 27. Bb6 Rd6 (27... Nxc1 $15 28. Bxd8 Rxd8 29. Rxc1 Nd4) 28. Rcd1 $11 Rb8 (28... Re6 $11) 29. Rd3 $16 N3d4 30. Red1 {[%cal Rb6d4]} ({Reject} 30. Bxa5 Ra8 $11) 30... Ne6 31. Bxa5 Ra8 32. b4 Bd4 33. f5 ({Better is} 33. h4 $16) 33... gxf5 $14 34. Bh3 Ng5 $1 {[%cal Rg5h3]} 35. Bxf5 {And now h4 would win.} Rf6 36. g4 c5 $2 {[%mdl 8192] [#]} (36... h5 $11) 37. Nb6 {Precision: White = 51%, Black = 52%.} 1-0

[Event "URU-ch Final 2018"]
[Site "Montevideo"]
[Date "2018.04.08"]
[Round "2"]
[White "Rodi, Luis Ernesto"]
[Black "Larrea, Manuel"]
[Result "1-0"]
[WhiteElo "2314"]
[BlackElo "2289"]
[Annotator "TA"]
[PlyCount "45"]
[EventDate "2018.??.??"]
[EventType "tourn"]
[EventCountry "URU"]
[SourceTitle "playchess.com"]
[Source "ChessBase"]
[SourceQuality "1"]

{[%evp 33,45,115,122,111,116,123,129,120,117,113,475,479,702,672]} 1. e4 c5 2. Nf3 Nc6 3. d4 cxd4 4. Nxd4 Nf6 5. Nc3 e5 6. Ndb5 {[%cal Bd4b5,Bb5a3,Ba3c4][%mdl 32]} d6 7. Bg5 a6 8. Na3 Be6 9. Nc4 Rc8 10. Bxf6 gxf6 11. Nd5 Bxd5 12. Qxd5 Nb4 13. Qd2 {B33: Sicilian: Pelikan and Sveshnikov Variations} d5 14. exd5 Nxc2+ (14... Qxd5 15. Qxd5 Nxd5 16. O-O-O Rc5 17. c3 b5 18. Na5 Nb6 19. Nb7 Rc6 20. g3 Ke7 {1-0 (57) Rosin,R (2490)-Hofer,R (2441) ICCF email 2008}) 15. Qxc2 Bb4+ 16. Kd1 b5 17. Qe4 bxc4 {LiveBook: 3 Games} 18. Bxc4 Qb6 19. Rc1 Bc5 ({Don't go for} 19... Qxf2 $2 {[#]} 20. Bb5+ $1 {[%mdl 512]} axb5 21. Rxc8+ Kd7 22. Rc2 $18) 20. Rc2 Bxf2 $146 ({Predecessor:} 20... Ke7) 21. Rf1 Bd4 $2 {[%mdl 8192] [#]} (21... Bg1 $16) 22. Bb5+ $1 $18 {[%mdl 512]} Kd8 (22... Ke7 $142) (22... axb5 23. Rxc8+) 23. Bc6 1-0

[Event "URU-ch Final 2018"]
[Site "Montevideo"]
[Date "2018.04.08"]
[Round "2"]
[White "Kimelman, Gabriel"]
[Black "Roselli Mailhe, Bernardo"]
[Result "1/2-1/2"]
[WhiteElo "2255"]
[BlackElo "2433"]
[Annotator "TA"]
[PlyCount "88"]
[EventDate "2018.??.??"]
[EventType "tourn"]
[EventCountry "URU"]
[SourceTitle "playchess.com"]
[Source "ChessBase"]
[SourceQuality "1"]

{[%evp 16,88,33,22,29,10,50,-1,33,-17,-7,-13,0,0,0,0,55,50,84,0,0,0,0,-37,0,0,0,-83,-81,-53,0,-101,0,32,156,158,157,166,202,120,914,864,677,133,138,151,146,80,80,45,84,38,177,154,191,188,237,119,115,50,56,50,42,33,39,29,24,39,250,235,220,202,181,0,202]} 1. c4 e5 2. g3 Nc6 3. Bg2 g6 4. Nc3 Bg7 5. e3 d6 6. Nge2 h5 7. d4 h4 8. d5 Nb8 {A25: English Opening vs King's Indian with ...Nc6 but without early d3} (8... Nce7 9. e4 f5 10. Bg5 Bf6 11. gxh4 Bd7 12. Qd3 Nc8 13. f4 exf4 14. O-O Bxg5 15. hxg5 Qxg5 16. Nxf4 Nce7 17. Nb5 O-O-O {½-½ (79) Timofeev,A (2671)-Bartel,M (2594) Budva 2009}) 9. e4 {LiveBook: 22 Games} a5 10. Be3 Na6 11. a3 $146 ({White should play} 11. Qd2 $14) ({Predecessor:} 11. Qd2 h3 12. Bf1 Nf6 13. f3 Nd7 14. O-O-O Ndc5 15. g4 Nb4 16. Kb1 {½-½ (42) Moravec,M (2265)-Folk,P (2255) Czechia 2000}) 11... Bd7 12. Rb1 Bh6 13. Bxh6 Rxh6 14. b4 axb4 15. axb4 Qf6 (15... Kf8 $11) 16. Nc1 $14 Qh8 {White should prevent ...hxg3.} 17. Rg1 (17. g4 $1 $16) 17... hxg3 18. hxg3 Rh2 19. Qe2 Ne7 20. Nd3 c6 21. c5 (21. b5 $11 {remains equal.} cxb5 22. Nxb5 Bxb5 23. cxb5) 21... cxd5 $17 22. exd5 Nf5 $1 {[%cal Rf5d4]} 23. c6 (23. cxd6 $11 {was the only way to keep the balance.} Kf8 24. Nxe5) 23... Nd4 (23... bxc6 $17 {Hoping for ...Nd4.} 24. dxc6 Be6) 24. cxd7+ $14 Ke7 (24... Kxd7 $14 25. Qg4+ Ke7) 25. Qf1 $1 $16 ({Not} 25. Qg4 Rxg2 26. Rxg2 Qh1+ 27. Kd2 Qxg2 $11) 25... Nc7 26. Rh1 Ra3 27. Rc1 (27. Rxh2 $18 Qxh2 28. Kd2 Kxd7 29. Qh1 Qxh1 30. Rxh1) 27... Qh6 $2 {[%mdl 8192]} (27... Kxd7 $16 28. Rxh2 (28. Bh3+ f5 $16) 28... Qxh2) 28. Rxh2 $18 Qxh2 {[#]} 29. Qh1 $2 (29. Nxe5 $1 $18 {has better winning chances.} f5 (29... dxe5 30. d6+) 30. Ne2) 29... Qxh1+ $16 30. Bxh1 Kxd7 31. Bg2 (31. f4 $142 $1) 31... f5 32. Bf1 g5 33. Kd1 g4 {[#]} (33... Nb3 $14 34. Rb1 Nd4) 34. Ne1 $1 $18 Rb3 {[#]} 35. b5 $1 Na8 36. Kd2 (36. Bc4 $18 Rb4 37. Bd3) 36... Rb2+ $16 37. Nc2 (37. Ke3 $16) 37... Nb3+ $14 38. Kd1 {Strongly threatening Bc4.} Nxc1 39. Kxc1 Rb3 40. Kd2 {Threatens to win with Bc4.} Nb6 41. Bd3 e4 $2 ({Black should try} 41... f4 $14) 42. Be2 $18 Rb2 43. Kc1 Rb3 44. Kd2 Rb2 $1 {Precision: White = 43%, Black = 39%.} 1/2-1/2

[Event "URU-ch Final 2018"]
[Site "Montevideo"]
[Date "2018.04.08"]
[Round "2"]
[White "Dominguez, Facundo"]
[Black "Granara Barreto, Sebastian"]
[Result "1/2-1/2"]
[WhiteElo "2143"]
[BlackElo "2164"]
[Annotator "TA"]
[PlyCount "36"]
[EventDate "2018.??.??"]
[EventType "tourn"]
[EventCountry "URU"]
[SourceTitle "playchess.com"]
[Source "ChessBase"]
[SourceQuality "1"]

{[%evp 16,36,43,27,35,0,0,0,0,17,46,6,51,43,38,-9,75,73,68,64,77,62,100]} 1. e4 c6 2. d4 d5 3. Nc3 dxe4 4. Nxe4 Nf6 5. Nxf6+ gxf6 6. Nf3 Bg4 7. c3 e6 8. Be2 Qc7 9. Be3 Nd7 {B16: Caro-Kann: Bronstein-Larsen Variation} 10. Qb3 (10. Nd2 Bf5 11. Bf3 O-O-O 12. Qb3 Nb6 13. a4 Nd5 14. a5 a6 15. Nc4 {0-1 (30) Janev,E (2528)-Alvarez Pedraza,A (2551) Balaguer 2011}) 10... Bd6 11. O-O-O O-O-O {The position is equal.} 12. Rhe1 $146 ({Predecessor:} 12. h3 Bf5 13. Nh4 Be4 14. Bd3 Bxd3 15. Rxd3 c5 16. c4 cxd4 17. Bxd4 {½-½ (32) Casares Ripoll,F (2149)-Diaz Franco,F (1987) Mondariz 2012}) 12... Rhe8 13. Qa4 b5 14. Qa6+ Kb8 15. h3 Bxf3 (15... Ka8 $1 $11 16. b4 (16. hxg4 $2 Nb8 $19) 16... Bh5) 16. Bxf3 $16 Nb6 17. Kb1 Rc8 18. Rd3 Nd5 {Precision: White = 36%, Black = 31%.} 1/2-1/2

[Event "URU-ch Final 2018"]
[Site "Montevideo"]
[Date "2018.04.08"]
[Round "2"]
[White "Caitano, Martin Joel"]
[Black "Carbone, Diego"]
[Result "0-1"]
[WhiteElo "2115"]
[BlackElo "2219"]
[Annotator "TA"]
[PlyCount "98"]
[EventDate "2018.??.??"]
[EventType "tourn"]
[EventCountry "URU"]
[SourceTitle "playchess.com"]
[Source "ChessBase"]
[SourceQuality "1"]

{[%evp 21,98,0,4,-66,-64,-63,-79,-391,-377,-376,-13,-14,-16,-12,-12,-59,-45,-83,-75,-67,-58,-80,-77,-130,-110,-141,-137,-208,-206,-230,-246,-238,-242,-239,-235,-256,-250,-1028,-465,-464,-461,-456,-455,-449,-453,-606,-597,-985,-959,-959,-938,-936,-859,-912,-766,-998,-945,-1579,-1521,-1433,-1186,-1069,-978,-12829,-12222,-12833,-12832,-12838,-12839,-12837,-12838,-12842,-12842,-12840,-12840,-29988,-29989,-29989,-12840]} 1. d4 Nf6 2. c4 g6 3. Nc3 d5 4. Nf3 Bg7 5. Qb3 dxc4 6. Qxc4 O-O 7. Bf4 Na6 8. e4 c5 9. d5 {D97: Grünfeld: Russian System: 7 e4, replies other than 7...Bg4} (9. Rd1 cxd4 10. e5 Nh5 11. Rxd4 Be6 12. Rxd8 Bxc4 13. Rxa8 Rxa8 14. Bd2 Bxf1 15. Kxf1 Bh8 16. Ke2 Nb4 17. g4 {½-½ (37) Vitiugov,N (2725)-Caruana,F (2796) Skopje 2015}) 9... e6 10. Be2 exd5 11. exd5 Nb4 {LiveBook: 3 Games. ...Nc2+ is the strong threat.} 12. O-O ({Don't go for} 12. Qxc5 $2 Nc2+ 13. Kd2 Nxa1 $19) (12. Rd1 $11) 12... Nfxd5 $15 {Strongly threatening ...Bxc3.} 13. Rad1 {[%cal Rc3d5]} Be6 {aiming for ...Nxc3.} 14. a3 $2 {[%mdl 8192] [#]} (14. Nxd5 $17 Nxd5 15. Bg3) 14... Nxc3 $1 $19 15. Rxd8 Bxc4 $2 ({Much less strong is} 15... Rfxd8 16. Qxc3 Bxc3 17. bxc3 $19) (15... Raxd8 $19 16. axb4 Bxc4 17. Bxc4 b5 18. bxc3 bxc4 19. bxc5 Rd5) 16. Rxf8+ $11 Bxf8 17. Bxc4 {[#]} Ncd5 $146 18. Rd1 Nb6 19. Bxf7+ Kxf7 20. axb4 cxb4 21. Ng5+ Kg8 22. Kf1 (22. b3 $142) 22... Be7 23. Nf3 a5 24. Bc7 (24. b3 $17 {might work better.}) 24... Na4 $19 25. Rd7 Bf6 26. Rd5 b6 ({But not} 26... Nxb2 27. Bxa5 b3 28. Nd2) 27. b3 {[#]} Rc8 $1 {[%cal Rc8c7]} 28. Be5 Bxe5 29. Nxe5 $2 {[%mdl 4096] Endgame KRN-KRN} (29. bxa4 Bc3 30. Rb5) 29... Nc5 (29... Rc1+ $142 30. Ke2 Nc3+ 31. Kd2 Rd1+ 32. Kc2 Rxd5) 30. Nc4 Nxb3 31. Nxb6 Rc6 32. Na4 Rc2 33. Rd3 Nc5 34. Nxc5 Rxc5 {KR-KR} 35. Rd8+ Kf7 36. Rb8 Ke6 37. Ke2 Rc2+ 38. Ke3 Kd5 39. Kd3 Rc3+ 40. Kd2 Kc4 41. Ra8 Ra3 42. Kc2 Ra2+ 43. Kb1 Kb3 44. Rf8 Rb2+ 45. Kc1 Rc2+ 46. Kb1 a4 {( -> ...a3)} 47. Rf4 Rc3 48. Re4 a3 49. Re2 {[#]} a2+ $1 {[%mdl 512] Precision: White = 26%, Black = 87%.} 0-1